Accountancy Ireland

Detalles Bibliográficos
Formato: Revista
Lenguaje:inglés
Publicado: Dublin : Institute of Chartered Accountants In Ireland, 1969-
Materias:
Acceso en línea:http://www.vlex.com/source/7140

MARC

LEADER 00000nas a22000007a 4500
005 20130315115631.0
007 cr|||| ||||
008 130315c19699999ie br|p s|||| 0|||a1eng d
022 |a 14699  
035 |a 7140 
040 |a vLex 
090 |c 3930  |d 3930 
245 0 0 |a Accountancy Ireland  |h [Recurso electrn̤ico]  
256 |a Servicio en ln̕ea 
260 |a Dublin :  |b Institute of Chartered Accountants In Ireland,   |c 1969- 
300 |a 1 Recurso electrn̤ico 
506 |d vLex Global  |d vLex Global (Academic Edition, excluding Law Schools)  |d vLex Global (U.S. Academic Edition, Law Schools)  |d vLex Global (U.S. Academic Edition, excluding Law Schools)  |d vLex Global (Academic Edition, Law Schools) 
650 0 4 |a Economa̕  |v Revistas 
740 |a vLex Revistas (Servicio en ln̕ea) 
856 |a Acceso restringido  |u http://www.vlex.com/source/7140 
942 |c REV 
999 0 |a Economics